| 000 | 01218cam a2200409 i 4500 | ||
|---|---|---|---|
| 001 | 0000811 | ||
| 003 | DO-SdBPM | ||
| 005 | 20260316090414.0 | ||
| 007 | ta | ||
| 008 | 100514s 2011 mx a | |||| 000 f spa | ||
| 015 | _a | ||
| 017 |
_a _b |
||
| 020 | _a9789681910259 | ||
| 035 | _a | ||
| 040 |
_aDO-SdBPM _bspa _cBPMSU _erda |
||
| 080 | _a | ||
| 082 | 0 | 4 |
_a813.5 _bL797s 2011 _222 |
| 100 | 1 |
_aLobel, Arnold _d1933- _eautor _4aut. |
|
| 245 | 1 | 0 |
_aSapo y Sepo inseparables / _cArnold Lobel ; traducción María Puncel _h |
| 250 | _a | ||
| 260 | _c | ||
| 264 |
_aMéxico : _bAlfaguara, _c2011 |
||
| 300 |
_a66 páginas _bilustración _c19 m |
||
| 336 |
_atexto _btxt _2 rdacontent |
||
| 337 |
_asin mediación _bn _2rdamedia |
||
| 338 |
_avolumen _bnc _2rdacarrier |
||
| 490 | 0 |
_aAlfaguara infantil ; _8amarilla |
|
| 500 | _aIncluye datos biográficos del autor | ||
| 500 | _aA partir de 6 años. | ||
| 590 | _aInventariado, 21026/VM | ||
| 650 | 7 | _aCuentos infantiles estadounide | |
| 650 | 7 | _aLibros ilustrados para niños | |
| 650 | 7 | _aLiteratura infantil estadounidense | |
| 700 | 1 |
_aPuncel, María _etraductor |
|
| 910 | _aVMateo V. Control de calidad. BPMSU | ||
| 942 |
_2ddc _cBK |
||
| 999 |
_c11920 _d11920 |
||